000 00905nam a2200265 i 4500
003 DO-SdBNP
005 20230926114509.0
006 a||||gr|||| 00| 0
007 ta
008 230926e2016 dr ||||| |||| 00| 0 spa d
020 _a9789945876406
040 _aDO-SdBNP
_bspa
_cBNPHU
_erda
082 1 _222
_bI73v
245 1 0 _a"Vocación":
_bllamado de Dios, respuesta humana para amar y servir". /
_cTelésfero A. Isaac; prólogo, Ramón Antonio García
264 1 _aSanto Domingo :
_b[Sin editora],
_c2016
300 _a81 páginas ;
_c21 cm.
336 _2rdacontent
_atexto
_btxt
337 _2rdamedia
_asin mediación
_bn
338 _2rdacarrier
_avolumen
_bnc
500 _aIncluye bibliografía del autor en las solapas de las cubiertas
504 _aBibliografía: página 81
590 _aInventariado 2023 / MF
700 1 _aGarcía, Ramón Antonio,
_eprólogo
_984273
942 _2ddc
_cLBS1
999 _c54944
_d54944